| 000 | 00765nam a22002177a 4500 | ||
|---|---|---|---|
| 999 |
_c17008 _d17008 |
||
| 003 | AR-CdUCM | ||
| 008 | 190226b ||||| |||| 00| 0 spa d | ||
| 040 |
_aMUNICIPALIDAD PROVINCIAL DEL CUSCO _cBIBLIOTECA MUNICIPAL DEL CUSCO |
||
| 082 |
_a338.9 / _bR62 |
||
| 100 |
_aRindina, M. _936814 |
||
| 245 | _aEconomía política del capitalismo / | ||
| 260 |
_aBuenos Aires: _bEdiciones estudios ; _c1973. |
||
| 300 |
_a351 paginas ; _c23 cm. |
||
| 505 | _aContenido: Etapas fundamentales del Capitalismo-- producción mercantil-- esencia de la explotación capitalista... | ||
| 650 |
_aCapitalismo _93221 |
||
| 650 |
_aEconomía capitalista _920788 |
||
| 650 |
_aEconomía política _91408 |
||
| 700 |
_aChernicov, G. _936815 |
||
| 942 |
_2ddc _cLIBROS |
||
| 945 | _arcc | ||